000 00283nam a22001337a 4500
008 180918b xxu||||| |||| 00| 0 eng d
020 _a0721634923
041 _aeng
080 _a617
100 _a5
101 _aKIR
245 _aTextbook of Surgery
_cSabiston
942 _2udc
_cBK
999 _c47969
_d47969